| 000 | 00433nam a22001337a 4500 | ||
|---|---|---|---|
| 008 | 230403b |||||||| |||| 00| 0 eng d | ||
| 040 |
_aNational Science Library _cNational Science Library |
||
| 080 |
_a061.6IICB _bN8 |
||
| 245 |
_aIICB: _bResearch in retrospect _c/ Indian Institute of chemical Biology |
||
| 260 |
_aCalcutta: _bIndian Institute of chemical Biology, _c1998 |
||
| 300 | _a173p. | ||
| 653 | _aIICB | ||
| 942 |
_2udc _cBK |
||
| 999 |
_c18128 _d18128 |
||